000 00311nam a22001337a 4500
008 190306b xxu||||| |||| 00| 0 eng d
020 _a9780071668071
041 _aeng
080 _a616.073
100 _a6
101 _aRAD
245 _aPocket Atlas of Emergency Ultrasound
_cReardon, R,F
942 _2udc
_cBK
999 _c54636
_d54636